Deeper Well - Kacey Musgraves (All Lyrics) - Statistics

General Stats
  • This quiz has been taken 9 times
  • The average score is 188 of 246
Answer Stats
Lyrics % Correct
a
100%
did
100%
everything
100%
Everything
100%
For
100%
I
100%
I'll
100%
I'm
100%
it
100%
me
100%
of
100%
seven,
100%
start
100%
to
100%
turned
100%
twenty-
100%
You
100%
you
100%
your
100%
All
80%
And
80%
and
80%
Are
80%
at
80%
baby,
80%
bake
80%
bed,
80%
been
80%
better
80%
bong
80%
but
80%
But
80%
by
80%
can
80%
change
80%
day
80%
deeper
80%
tryin'
80%
don't
80%
feel
80%
found
80%
go
80%
good
80%
goodbye
80%
got
80%
gravity
80%
had
80%
Had
80%
high
80%
hit
80%
is
80%
It's
80%
just
80%
kinds
80%
know
80%
made
80%
maybe
80%
mine
80%
My
80%
my
80%
No
80%
on
80%
one
80%
out
80%
people,
80%
people
80%
real
80%
sayin'
80%
seemed
80%
So
80%
so
80%
started
80%
that
80%
the
80%
The
80%
then
80%
There's
80%
they
80%
think
80%
time,
80%
time
80%
two
80%
used
80%
wake
80%
was
80%
wastin'
80%
way
80%
We
80%
we
80%
well
80%
When
80%
when
80%
while,
80%
why
80%
always
60%
giver
60%
glow
60%
growing
60%
has
60%
I've
60%
learned
60%
long
60%
lose
60%
natural
60%
needed,
60%
okay
60%
one's
60%
other
60%
regrets,
60%
returned
60%
Roll
60%
Saturn
60%
shine
60%
take
60%
that's
60%
their
60%
things
60%
Took
60%
took
60%
up
60%
what
60%
as
40%
can't
40%
care
40%
dark
40%
somethin'
40%
energy,
40%
feet
40%
flat
40%
gotten
40%
habits
40%
How
40%
myself
40%
now
40%
older,
40%
our
40%
plate
40%
shoes
40%
unsee
40%
world
40%
far
20%
figure
20%
gettin'
20%
only
20%
rest
20%
rid
20%
taught
20%
No matching quizzes found
Score Distribution
Percent of People with Each Score
Percentile by Number Answered
Your Score History
You have not taken this quiz